| 000 | 01584 a2200301 4500 | ||
|---|---|---|---|
| 003 | Nust | ||
| 005 | 20170207171638.0 | ||
| 020 | _a0-07-147038-7 | ||
| 020 | _a978-0-07-147038-4 | ||
| 035 | _a(OCoLC)162952647 | ||
| 035 | _a(OCoLC)ocn162952647 | ||
| 040 | _cNust | ||
| 082 | 0 | 4 | _a512.02,LIP |
| 100 | 1 | _aLipschutz, Seymour. | |
| 245 | 1 | 0 |
_aSchaum's outline of theory and problems of discrete mathematics - (E-Book) _cSeymour Lipschutz, Marc Lars Lipson. |
| 246 | 3 | 0 | _aDiscrete mathematics |
| 246 | 3 | 0 | _aTheory and problems of discrete mathematics |
| 250 | _a3rd ed. | ||
| 260 |
_aNew York : _bMcGraw-Hill, _cc2007. |
||
| 300 |
_axi, 474 p. : _bill. ; _c28 cm. |
||
| 440 | 0 | _aSchaum's outline series | |
| 505 | _aCHAPTER 1 Set Theory (Page-1) CHAPTER 2 Relations (Page-23) CHAPTER 3 Functions and Algorithms (Page-43) CHAPTER 4 Logic and Propositional Calculus (Page-70) CHAPTER 5 Techniques of Counting (Page-88) CHAPTER 6 Advanced Counting Techniques, Recursion (Page-107) CHAPTER 7 Probability (Page-123) CHAPTER 8 Graph Theory (Page-154) CHAPTER 9 Directed Graphs (Page-201) CHAPTER 10 Binary Trees(Page- 235) CHAPTER 11 Properties of the Integers (Page-264) CHAPTER 12 Languages, Automata, Grammars(Page- 303) CHAPTER 13 Finite State Machines and Turing Machines (Page-323) CHAPTER 14 Ordered Sets and Lattices (Page-337) CHAPTER 15 Boolean Algebra (Page-368) APPENDIX A Vectors and Matrices (Page-409) | ||
| 650 | 0 | _aAlgebra, Abstract | |
| 650 | 0 | _aCombinatorial analysis | |
| 650 | 0 | _aLogic, Symbolic and mathematical | |
| 651 | _aE-Book | ||
| 700 | 1 | _aLipson, Marc. | |
| 942 |
_2ddc _cBK |
||
| 999 |
_c218037 _d218037 |
||